Loading...
| Fine Arts - Classical Music | 4 | 17.50 | 2,825% | 425% | 625% |
| Fine Arts - Other | 7 | 17.14 | 3,929% | 343% | 614% |
| Fine Arts - Painting & Sculpture | 7 | 14.29 | 3,471% | 343% | 443% |
| History - American | 4 | 12.50 | 2,125% | 200% | 400% |
| History - European | 7 | 15.71 | 4,386% | 357% | 357% |
| History - Other | 6 | 15.00 | 2,167% | 500% | 417% |
| History - World | 6 | 15.00 | 4,050% | 117% | 717% |
| Literature - American | 5 | 14.00 | 3,880% | 360% | 340% |
| Literature - British | 7 | 12.86 | 5,057% | 357% | 114% |
| Literature - European | 6 | 16.67 | 4,583% | 417% | 400% |
| Literature - World | 7 | 15.71 | 5,757% | 243% | 371% |
| Mythology | 4 | 15.00 | 2,825% | 450% | 400% |
| Other | 10 | 20.00 | 4,860% | 570% | 460% |
| Philosophy | 5 | 16.00 | 3,320% | 160% | 620% |
| Religion | 5 | 12.00 | 2,600% | 360% | 360% |
| Science - Biology | 5 | 22.00 | 5,500% | 480% | 700% |
| Science - Chemistry | 6 | 16.67 | 2,700% | 517% | 533% |
| Science - Other | 6 | 15.00 | 2,167% | 367% | 533% |
| Science - Physics | 5 | 22.00 | 5,500% | 840% | 340% |
| Social Science | 7 | 15.71 | 3,014% | 471% | 471% |